Logo BPK

Biblioteka

Politechniki Koszalińskiej

Botticelli / (Rekord nr 53752)

Szczegóły MARC
000 -ETYKIETA REKORDU
podpole kontrolne o stałej długości 00793nam a2200265 i 4500
001 - NUMER KONTROLNY REKORDU
pole kontrolne bg
020 ## - MIĘDZYNARODOWY ZNORMALIZOWANY NUMER KSIĄŻKI - ISBN
ISBN 9788360688090
020 ## - MIĘDZYNARODOWY ZNORMALIZOWANY NUMER KSIĄŻKI - ISBN
ISBN 8360688095
040 ## - ŹRÓDŁO KATALOGOWANIA
Instytucja, która utworzyła rekord BPK
041 1# - KOD JĘZYKA
Kod języka tekstu pol
Kod języka oryginału ita
080 ## - UNIWERSALNA KLASYFIKACJA DZIESIĘTNA - UKD
UKD 75.071(450)"14/15"A/Z
920 ## - Międzynarodowy znormalizowany numer książki – ISBN
ISBN 978-83-60688-09-0
920 ## - Międzynarodowy znormalizowany numer książki – ISBN
ISBN 83-60688-09-5
008 - POLE O STAŁEJ DŁUGOŚCI - DANE KONTROLNE
podpole kontrolne o stałej długości s pl f |000 0 pol
100 1# - NAZWA OSOBOWA
Nazwa osobowa Malaguzzi, Silvia.
245 0# - TYTUŁ/ODPOWIEDZIALNOŚĆ
Tytuł Botticelli /
Pozostałe elementy strefy tytułu i oznaczenia odpowiedzialności [tekst Silvia Malaguzzi ; tł. Dorota Łąkowska].
260 ## - STREFA ADRESU WYDAWNICZEGO
Miejsce wydania Warszawa :
Nazwa wydawcy/dystrybutora Rzeczpospolita ;
-- HPS,
Data publikacji, dystrybucji/powstania dokumentu 2006.
300 ## - STREFA OPISU FIZYCZNEGO
Objętość 119, [8] s. :
Inne cechy fizyczne il. ;
Rozmiary 26 cm.
490 1# - STREFA SERII I DOKUMENTU WIELOCZĘŚCIOWEGO - FORMA NIE DO WYSZUKIWANIA
Tytuł i oznaczenie odpowiedzialności serii Klasycy Sztuki ;
Numeracja w obrębie serii 35
600 0# - HASŁO PRZEDMIOTOWE W FORMIE NAZWY OSOBOWEJ
Nazwa osobowa Botticelli, Sandro
Daty związane z nazwą (1445-1569)
Określnik ogólny twórczość
650 #0 - HASŁO PRZEDMIOTOWE W FORMIE NAZWY OGÓLNEJ LUB JEDNOSTKOWEJ
Nazwa ogólna lub geograficzna Malarstwo włoskie
Określnik ogólny historia
Określnik chronologiczny 15-16 w.
700 01 - HASŁO DODATKOWE - NAZWA OSOBOWA
Nazwa osobowa Łąkowska, Dorota
Określenie związku między hasłem a opisywanym materiałem Tł.
830 ## - HASŁO DODATKOWE SERII LUB DOKUMENTU WIELOCZĘŚCIOWEGO - TYTUŁ UJEDNOLICONY
Tytuł ujednolicony Klasycy Sztuki ;
856 ## - LOKALIZACJA I DOSTĘP DO ELEKTRONICZNYCH DOKUMENTÓW ZDALNYCH
Link (URL) http://koha.tu.koszalin.pl/cgi-bin/koha/opac-detail.pl?biblionumber=53752
Tekst linku Katalog online BPK
942 ## - DODATKOWE ELEMENTY (KOHA)
Typ dokumentu Książka
Egzemplarze
Wycofany Status egzemplarza Uszkodzony Dostępność Lokalizacja stała Lokalizacja bieżąca Miejsce przechowywania Sygnatura Kod kreskowy Dział Typ dokumentu
      Tylko na miejscu Czytelnia Wydziału Elektroniki i Informatyki, Wydziału Architektury i Wzornictwa, Wydziału Inżynierii Mechanicznej i Energetyki oraz Wydziału Inżynierii Lądowej, Środowiska i Geodezji Czytelnia Wydziału Elektroniki i Informatyki, Wydziału Architektury i Wzornictwa, Wydziału Inżynierii Mechanicznej i Energetyki oraz Wydziału Inżynierii Lądowej, Środowiska i Geodezji Czytelnia Wydziałowa ul. Śniadeckich 2 84552 02373768 75 Malarstwo Książka
© 2023 Biblioteka Politechniki Koszalińskiej :: KOHA